Skúmanie vplyvu zaťaženia automobilu na polohu jeho ťažiska

Enregistré dans:
Détails bibliographiques
Auteur principal: Skorokhod, Oleksii (Auteur)
Autres auteurs: Murín, Justín (Directeur de thèse)
Format: Manuscrit Livre
Langue:slovaque
Publié: 2019
Sujets:
Accès en ligne:http://is.stuba.sk/zp/portal_zp.pl?podrobnosti=125572
Tags: Ajouter un tag
Pas de tags, Soyez le premier à ajouter un tag!

MARC

LEADER 00000ntm a22000003a 4500
001 stuzp67109
003 SK-STU
005 20190729102323.6
007 ta
008 150427s2015----xo-----f-mn---000-0-slo-d
040 |a STU  |b slo 
041 0 |a slo 
044 |a xo 
100 1 |a Skorokhod, Oleksii  |u 030400  |4 aut  |U FEI Fakulta elektrotechniky a informatiky  |T FEI Ústav automobilovej mechatroniky  |X 81446  |U E400  |Y 642  |7 81446 
242 0 1 |a Examining the influence of the car's load on the position of its center of gravity  |y eng 
245 1 0 |a Skúmanie vplyvu zaťaženia automobilu na polohu jeho ťažiska 
260 |c 2019 
300 |a 62 s., príl.,  |b CD-ROM 
650 4 |a Ťažisko  |2 slo 
650 4 |a väzbové reakcie  |2 slo 
650 4 |a vozidlo  |2 slo 
650 4 |a tiažové sily  |2 slo 
650 4 |a momenty síl  |2 slo 
650 4 |a súradnice ťažiska  |2 slo 
650 4 |a stabilita automobilu  |2 slo 
650 4 |a Center of gravity  |2 eng 
650 4 |a coupling reactions  |2 eng 
650 4 |a vehicle  |2 eng 
650 4 |a gravity forces  |2 eng 
650 4 |a moments of force  |2 eng 
650 4 |a center of gravity  |2 eng 
650 4 |a car stability  |2 eng 
650 4 |a coordinates  |2 eng 
700 1 |a Murín, Justín  |u 030400  |k Z1  |4 ths  |U FEI Fakulta elektrotechniky a informatiky  |T FEI Ústav automobilovej mechatroniky  |X 1830  |U E400  |Y 642  |7 A000001830 
856 4 |u http://is.stuba.sk/zp/portal_zp.pl?podrobnosti=125572 
996 |b 284ER02958  |c E*Bc- 2958  |l EE30  |s P  |a 0  |w stuzp67109_0001